[Event "Novosibirsk Sukharev Memorial op"]
[Site "Novosibirsk"]
[Date "2012.07.24"]
[Round "8"]
[White "Narchuk, Margarita"]
[Black "Klimov, Valery"]
[Result "1/2-1/2"]
[WhiteElo "1745"]
[BlackElo "1858"]
[PlyCount "68"]
[EventDate "2012.07.18"]
[EventType "swiss"]
[EventRounds "9"]
[EventCountry "RUS"]
[SourceTitle "EXT 2013"]
[Source "ChessBase"]
[SourceDate "2012.11.22"]
[SourceVersion "1"]
[SourceVersionDate "2012.11.22"]
[SourceQuality "1"]

1. e4 e5 2. Nf3 Nc6 3. Bb5 Bc5 4. c3 f5 5. 0-0 fxe4 6. Bxc6 dxc6 7. Nxe5 Qh4 8. d4 Bd6 9. Qd2 Nf6 10. Qg5 Qxg5 11. Bxg5 0-0 12. Nc4 Bf5 13. Nbd2 Rae8 14. Rfe1 Ng4 15. Nxd6 cxd6 16. Be3 d5 17. Nb3 b6 18. Rac1 Be6 19. Nd2 b5 20. Nb3 Nf6 21. Nc5 Bc8 22. b4 Rf7 23. a4 a6 24. Ra1 Nd7 25. axb5 Nxc5 26. dxc5 axb5 27. Red1 Rd8 28. Rd2 h6 29. Rad1 Bg4 30. Rd4 Rdd7 31. Rf1 g5 32. Rd2 Kh7 33. Ra2 Rc7 34. g3 Kg7 1/2-1/2

[Event "Novosibirsk Sukharev Memorial op"]
[Site "Novosibirsk"]
[Date "2012.07.19"]
[Round "2"]
[White "Narchuk, Margarita"]
[Black "Beloshapkin, Konstantin"]
[Result "0-1"]
[WhiteElo "1745"]
[BlackElo "2040"]
[PlyCount "70"]
[EventDate "2012.07.18"]
[EventType "swiss"]
[EventRounds "9"]
[EventCountry "RUS"]
[SourceTitle "EXT 2013"]
[Source "ChessBase"]
[SourceDate "2012.11.22"]
[SourceVersion "1"]
[SourceVersionDate "2012.11.22"]
[SourceQuality "1"]

1. e4 c5 2. Nf3 Nc6 3. d4 cxd4 4. Nxd4 d5 5. Bb5 dxe4 6. Nxc6 Qxd1+ 7. Kxd1 a6 8. Nxe7+ Kxe7 9. Be2 Be6 10. Nc3 f5 11. Be3 Nf6 12. Ke1 Kf7 13. a3 Bd6 14. Rd1 Rhd8 15. Bb6 Rd7 16. f3 Be5 17. Rxd7+ Nxd7 18. Na4 Bxb2 19. Nxb2 Nxb6 20. fxe4 fxe4 21. Rf1+ Ke7 22. Rf4 Bd5 23. Nd1 Na4 24. Ne3 Bc6 25. Nf5+ Kf6 26. Ne3+ Ke6 27. Bc4+ Ke5 28. Rf7 Kd4 29. Kf2 g6 30. Rxh7 b5 31. Bf7 Rf8 32. Ng4 e3+ 33. Nxe3 Be8 34. Rh4+ Kc5 35. Ng4 Rxf7+ 0-1

[Event "Novosibirsk Sukharev Memorial op"]
[Site "Novosibirsk"]
[Date "2011.07.25"]
[Round "9"]
[White "Narchuk, Margarita"]
[Black "Vasiliev, Maxim"]
[Result "1-0"]
[WhiteElo "1781"]
[BlackElo "1685"]
[PlyCount "37"]
[EventDate "2011.07.18"]
[EventType "swiss"]
[EventRounds "9"]
[EventCountry "RUS"]
[SourceTitle "EXT 2012"]
[Source "ChessBase"]
[SourceDate "2011.11.24"]
[SourceVersion "1"]
[SourceVersionDate "2011.11.24"]
[SourceQuality "1"]

1. d4 f5 2. c4 Nf6 3. Nc3 e6 4. g3 d5 5. cxd5 exd5 6. Bg2 c6 7. Bg5 Bd6 8. f4 0-0 9. Nf3 h6 10. Bh4 b6 11. 0-0 Qe8 12. Bxf6 Rxf6 13. Ne5 Bb7 14. Rc1 Qh5 15. e3 Qxd1 16. Rfxd1 Bxe5 17. dxe5 Re6 18. Bh3 g6 19. e4 1-0

[Event "Novosibirsk Sukharev Memorial op"]
[Site "Novosibirsk"]
[Date "2011.07.21"]
[Round "4"]
[White "Ershov, Kirill"]
[Black "Narchuk, Margarita"]
[Result "1/2-1/2"]
[WhiteElo "1912"]
[BlackElo "1781"]
[PlyCount "141"]
[EventDate "2011.07.18"]
[EventType "swiss"]
[EventRounds "9"]
[EventCountry "RUS"]
[SourceTitle "EXT 2012"]
[Source "ChessBase"]
[SourceDate "2011.11.24"]
[SourceVersion "1"]
[SourceVersionDate "2011.11.24"]
[SourceQuality "1"]

1. d4 Nf6 2. c4 g6 3. Nc3 Bg7 4. e4 d6 5. f4 c5 6. d5 e6 7. Nf3 exd5 8. cxd5 0-0 9. Be2 Bg4 10. 0-0 Bxf3 11. Bxf3 Re8 12. Qc2 Nfd7 13. Bd2 Na6 14. Rae1 Nc7 15. a4 a6 16. Be2 Rb8 17. a5 b5 18. axb6 Nxb6 19. h3 Bd4+ 20. Kh1 c4 21. Bg4 h5 22. Bf3 Nb5 23. Nxb5 axb5 24. Bc3 Bxc3 25. Qxc3 Ra8 26. g4 hxg4 27. hxg4 Na4 28. Qd4 Qb6 29. Qf6 Qd8 30. Qxd8 Raxd8 31. Re2 Nc5 32. Kg2 Nd3 33. Kg3 Kg7 34. Rh1 Rh8 35. Rxh8 Rxh8 36. Rd2 Ra8 37. Be2 Nc5 38. Kf3 Ra2 39. Ke3 f6 40. e5 fxe5 41. fxe5 dxe5 42. d6 Ra1 43. Rd5 Nd7 44. Rxb5 Kf6 45. Bxc4 Ra6 46. Rxe5 Kxe5 47. Bxa6 Kxd6 48. Kf4 Kc5 49. b3 Kd4 50. b4 Nb8 51. b5 Kd5 52. Bb7+ Kd6 53. Be4 Ke6 54. b6 Nd7 55. b7 Kf6 56. Bc6 Nb8 57. Bb5 g5+ 58. Ke4 Ke6 59. Be2 Nc6 60. Bf3 Nb8 61. Kd4 Kd6 62. Kc4 Kc7 63. Kb5 Nd7 64. Ka6 Kb8 65. Bd5 Nf6 66. Be6 Ne4 67. Kb6 Nf2 68. Kc6 Nd3 69. Bf5 Nf2 70. Bc8 Nh3 71. Be6 1/2-1/2

[Event "Novosibirsk Sukharev Memorial op"]
[Site "Novosibirsk"]
[Date "2010.07.25"]
[Round "8"]
[White "Narchuk, Margarita"]
[Black "Terchanyan, Zograb"]
[Result "0-1"]
[WhiteElo "1792"]
[BlackElo "1965"]
[PlyCount "108"]
[EventDate "2010.07.18"]
[EventType "swiss"]
[EventRounds "9"]
[EventCountry "RUS"]
[SourceTitle "EXT 2011"]
[Source "ChessBase"]
[SourceDate "2010.11.26"]
[SourceVersion "1"]
[SourceVersionDate "2010.11.26"]
[SourceQuality "1"]

1. e4 c6 2. d4 d5 3. exd5 cxd5 4. c4 Nf6 5. Nc3 Nc6 6. Nf3 Bg4 7. cxd5 Nxd5 8. Be3 e6 9. Be2 Bb4 10. Rc1 Qa5 11. Qb3 Qb6 12. 0-0 Nxc3 13. bxc3 Ba5 14. Qa3 Qc7 15. Rfd1 Qe7 16. Qa4 0-0 17. d5 Bxf3 18. Bxf3 exd5 19. Rxd5 Bb6 20. Bd4 Nxd4 21. cxd4 Rac8 22. Qd1 Qa3 23. Rc2 Qa4 24. Rxc8 Qxd1+ 25. Bxd1 Rxc8 26. Kf1 Rc4 27. Rd7 Rxd4 28. Rxd4 Bxd4 29. f3 f5 30. Ke2 f4 31. Kd3 Bg1 32. h3 Kf7 33. Ke4 Be3 34. Kf5 h6 35. Bc2 g6+ 36. Ke5 h5 37. Bd3 Kg7 38. Ke6 a6 39. a4 Bd4 40. Be4 b5 41. axb5 axb5 42. Bb1 b4 43. Bc2 Bf2 44. Bb3 Kh6 45. Kf6 Bd4+ 46. Ke6 Kg5 47. Kd5 Be3 48. Kc4 Kh4 49. Kxb4 Kg3 50. Bf7 Kxg2 51. Bxg6 h4 52. Bf5 Kxf3 53. Kc3 Kg2 54. Kd3 Bb6 0-1

[Event "Novosibirsk Sukharev Memorial op"]
[Site "Novosibirsk"]
[Date "2010.07.19"]
[Round "2"]
[White "Narchuk, Margarita"]
[Black "Kuzmin, Georgy"]
[Result "0-1"]
[WhiteElo "1792"]
[BlackElo "1996"]
[PlyCount "64"]
[EventDate "2010.07.18"]
[EventType "swiss"]
[EventRounds "9"]
[EventCountry "RUS"]
[SourceTitle "EXT 2011"]
[Source "ChessBase"]
[SourceDate "2010.11.26"]
[SourceVersion "1"]
[SourceVersionDate "2010.11.26"]
[SourceQuality "1"]

1. e4 e5 2. Nf3 d6 3. d4 Nd7 4. Bc4 c6 5. a4 Be7 6. 0-0 Qc7 7. dxe5 dxe5 8. Ng5 Bxg5 9. Bxg5 Ngf6 10. Nc3 0-0 11. Qe2 h6 12. Be3 b6 13. f4 Qd6 14. fxe5 Nxe5 15. Bd3 Nfg4 16. Bf4 Qd4+ 17. Kh1 Nxd3 18. cxd3 Be6 19. h3 Ne5 20. Bxe5 Qxe5 21. Rad1 Rfd8 22. Qc2 Qc5 23. Qf2 Qxf2 24. Rxf2 Rd4 25. Rf3 Rad8 26. Kg1 Bb3 27. Rdf1 Rxd3 28. Rxd3 Rxd3 29. Rf2 Rd4 30. Kf1 Bxa4 31. Ke1 Bb3 32. Rf4 Bc2 0-1

[Event "Novosibirsk op"]
[Site "Novosibirsk"]
[Date "2010.06.11"]
[Round "8"]
[White "Narchuk, Margarita"]
[Black "Tulupov, Mikhail"]
[Result "0-1"]
[WhiteElo "1776"]
[BlackElo "1664"]
[PlyCount "69"]
[EventDate "2010.06.03"]
[EventType "swiss"]
[EventRounds "9"]
[EventCountry "RUS"]
[SourceTitle "CBM 136 Extra"]
[Source "ChessBase"]
[SourceDate "2010.07.02"]
[SourceVersion "2"]
[SourceVersionDate "2010.07.15"]
[SourceQuality "1"]

1. e4 e6 2. d3 d5 3. Nd2 c5 4. Ngf3 Nc6 5. g3 Be7 6. Bg2 d4 7. 0-0 e5 8. Nc4 f6 9. a4 Be6 10. Nh4 Qd7 11. f4 g5 12. fxg5 0-0-0 13. gxf6 Nxf6 14. Nf5 h5 15. Bg5 Ng4 16. Nxe7+ Nxe7 17. h3 Bxc4 18. dxc4 Rdg8 19. Qd2 Rxg5 20. Qxg5 Ne3 21. Qxe5 Ng6 22. Qxc5+ Kb8 23. Rf2 h4 24. g4 Re8 25. Qb5 Qe7 26. Re1 Ne5 27. Rfe2 a6 28. Qb3 N5xc4 29. Rxe3 Nxe3 30. Rxe3 dxe3 31. Qxe3 Qe5 32. c3 Re6 33. Qe2 Qf4 34. Qf3 Qg5 35. b4 0-1

[Event "Novosibirsk op"]
[Site "Novosibirsk"]
[Date "2010.06.10"]
[Round "7"]
[White "Narchuk, Margarita"]
[Black "Stepanenko, Leonid"]
[Result "1-0"]
[WhiteElo "1776"]
[BlackElo "1890"]
[PlyCount "108"]
[EventDate "2010.06.03"]
[EventType "swiss"]
[EventRounds "9"]
[EventCountry "RUS"]
[SourceTitle "CBM 136 Extra"]
[Source "ChessBase"]
[SourceDate "2010.07.02"]
[SourceVersion "2"]
[SourceVersionDate "2010.07.15"]
[SourceQuality "1"]

1. e4 e6 2. d3 d5 3. Nd2 Nf6 4. Ngf3 c5 5. g3 Be7 6. Bg2 0-0 7. 0-0 b6 8. Qe2 Bb7 9. Re1 Re8 10. c3 Nc6 11. e5 Nd7 12. d4 Rc8 13. Nf1 cxd4 14. cxd4 Nb4 15. Ne3 Ba6 16. Qd2 Rc6 17. a3 Nd3 18. Rd1 Qc7 19. Bf1 Nxc1 20. Raxc1 Bxf1 21. Rxc6 Qxc6 22. Kxf1 Rc8 23. Ne1 f6 24. Nd3 fxe5 25. Rc1 Qb7 26. Rxc8+ Qxc8 27. dxe5 Qc7 28. Qc2 Qxc2 29. Nxc2 g5 30. Nd4 Kf7 31. Nc6 a5 32. b4 axb4 33. axb4 g4 34. Nxe7 Kxe7 35. Ke2 Kf7 36. Ke3 Kg6 37. Kf4 h5 38. Nb2 b5 39. Nd3 Nf8 40. Nc5 Kh6 41. Ke3 Kg5 42. Kd4 Kf5 43. Na6 Nd7 44. Nc7 Nxe5 45. Nxb5 Nf3+ 46. Kc5 Ke5 47. Na3 Nd2 48. b5 d4 49. Nc4+ Nxc4 50. Kxc4 d3 51. Kxd3 Kd5 52. Ke3 Kc5 53. Ke4 Kxb5 54. Ke5 Kc5 1-0

[Event "Novosibirsk op"]
[Site "Novosibirsk"]
[Date "2010.06.09"]
[Round "6"]
[White "Musurmankulova, Zauresh"]
[Black "Narchuk, Margarita"]
[Result "0-1"]
[WhiteElo "1575"]
[BlackElo "1776"]
[PlyCount "58"]
[EventDate "2010.06.03"]
[EventType "swiss"]
[EventRounds "9"]
[EventCountry "RUS"]
[SourceTitle "CBM 136 Extra"]
[Source "ChessBase"]
[SourceDate "2010.07.02"]
[SourceVersion "2"]
[SourceVersionDate "2010.07.15"]
[SourceQuality "1"]

1. e4 c5 2. Nf3 Nc6 3. d4 cxd4 4. Nxd4 g6 5. Be3 Bg7 6. Nc3 Nf6 7. Be2 d6 8. f3 0-0 9. Qd2 Bd7 10. 0-0-0 Rc8 11. Kb1 Ne5 12. h4 h5 13. Bh6 Nc4 14. Bxc4 Rxc4 15. g4 Nxe4 16. Nxe4 Rxd4 17. Qe3 Qb6 18. Rxd4 Bxd4 19. Qb3 Rc8 20. gxh5 gxh5 21. f4 Bf5 22. Qg3+ Kh8 23. b3 Rxc2 24. Rg1 Rb2+ 25. Kc1 Qc6+ 26. Nc3 Qxc3+ 27. Qxc3 Bxc3 28. Kd1 Rb1+ 29. Ke2 Rxg1 0-1

[Event "Novosibirsk op"]
[Site "Novosibirsk"]
[Date "2010.06.03"]
[Round "1"]
[White "Volkov, Petr"]
[Black "Narchuk, Margarita"]
[Result "0-1"]
[WhiteElo "2065"]
[BlackElo "1776"]
[PlyCount "134"]
[EventDate "2010.06.03"]
[EventType "swiss"]
[EventRounds "9"]
[EventCountry "RUS"]
[SourceTitle "CBM 136 Extra"]
[Source "ChessBase"]
[SourceDate "2010.07.02"]
[SourceVersion "2"]
[SourceVersionDate "2010.07.15"]
[SourceQuality "1"]

1. e4 c5 2. Nc3 Nc6 3. g3 g6 4. Bg2 Bg7 5. d3 d6 6. Be3 Nf6 7. h3 e5 8. Qd2 Bd7 9. Bh6 0-0 10. Bxg7 Kxg7 11. Nd1 b5 12. Ne3 Rc8 13. Ne2 Nd4 14. 0-0 b4 15. f4 Nh5 16. Kh2 exf4 17. Nxf4 Nxf4 18. Rxf4 f5 19. Raf1 Ne6 20. R4f2 fxe4 21. dxe4 Bc6 22. Rxf8 Nxf8 23. Ng4 Qe7 24. Qh6+ Kh8 25. Qf4 Ne6 26. Qf7 Qxf7 27. Rxf7 a5 28. Nh6 Ng5 29. Ra7 a4 30. h4 Nxe4 31. Bxe4 Bxe4 32. Nf7+ Kg8 33. Nxd6 Ra8 34. Rc7 Bxc2 35. Rxc5 Bb1 36. a3 bxa3 37. bxa3 Ba2 38. Ne4 Bb3 39. Rc7 Rf8 40. Ra7 Rf7 41. Ra8+ Kg7 42. Kg2 Rc7 43. Kf3 Rf7+ 44. Ke3 Re7 45. g4 Bc2 46. Kd2 Bxe4 47. Rxa4 Bc6 48. Ra6 Bd7 49. g5 Bf5 50. a4 Rd7+ 51. Ke3 Rd3+ 52. Kf2 h6 53. a5 hxg5 54. hxg5 Kf7 55. Ra8 Ra3 56. Ra6 Ke7 57. Kg2 Kd7 58. Kh2 Kc7 59. Kg2 Kb7 60. Rb6+ Ka7 61. Rd6 Rxa5 62. Rd4 Re5 63. Kf3 Be6 64. Rd6 Bf5 65. Rd4 Kb6 66. Kg3 Re4 67. Rc4 Rxc4 0-1

[Event "Novosibirsk April op"]
[Site "Novosibirsk"]
[Date "2010.04.06"]
[Round "4"]
[White "Narchuk, Margarita"]
[Black "Chaschin, Nikolay"]
[Result "1-0"]
[WhiteElo "1742"]
[BlackElo "1874"]
[PlyCount "77"]
[EventDate "2010.04.02"]
[EventType "swiss"]
[EventRounds "9"]
[EventCountry "RUS"]
[SourceTitle "EXT 2011"]
[Source "ChessBase"]
[SourceDate "2010.11.26"]
[SourceVersion "1"]
[SourceVersionDate "2010.11.26"]
[SourceQuality "1"]

1. e4 e6 2. d3 d5 3. Nd2 c5 4. Ngf3 Nc6 5. g3 Bd6 6. Bg2 Nge7 7. 0-0 0-0 8. Ne1 d4 9. f4 e5 10. f5 f6 11. h4 Bd7 12. Nc4 Be8 13. a4 Na5 14. g4 Kh8 15. g5 Bf7 16. Nxa5 Qxa5 17. h5 fxg5 18. Bxg5 h6 19. Bh4 Ng8 20. f6 g6 21. hxg6 Bxg6 22. Qg4 Kh7 23. Qd7+ Rf7 24. Qxd6 Re8 25. Qd5 Qc7 26. Bh3 Rd8 27. Qb3 Rd6 28. Be6 Rf8 29. Bxg8+ Rxg8 30. Kh2 Bf7 31. c4 Qd7 32. Qd1 Qe8 33. Ng2 Bh5 34. Qd2 Qg6 35. Qf2 Rd7 36. Qf5 Be2 37. f7 Rf8 38. Qxd7 Bxd3 39. Rf6 1-0

[Event "Novosibirsk-ch"]
[Site "Novosibirsk"]
[Date "2010.03.12"]
[Round "9"]
[White "Klimov, Valery"]
[Black "Narchuk, Margarita"]
[Result "0-1"]
[WhiteElo "1949"]
[BlackElo "1742"]
[PlyCount "45"]
[EventDate "2010.03.01"]
[EventType "swiss"]
[EventRounds "9"]
[EventCountry "RUS"]
[SourceTitle "CBM 135 Extra"]
[Source "ChessBase"]
[SourceDate "2010.05.04"]
[SourceVersion "1"]
[SourceVersionDate "2010.05.04"]
[SourceQuality "1"]

1. e4 c5 2. Nf3 a6 3. c4 d6 4. d4 cxd4 5. Nxd4 Nf6 6. Nc3 g6 7. Be2 Bg7 8. 0-0 0-0 9. Be3 Nc6 10. h3 Bd7 11. f4 Nxd4 12. Bxd4 Bc6 13. Bf3 Rc8 14. Nd5 Bxd5 15. cxd5 Qa5 16. g4 Rc4 17. b3 Rxd4 18. Qxd4 Nxg4 19. e5 dxe5 20. Qa7 Nf6 21. fxe5 Nxd5 22. Rae1 Nf4 23. Bg4 0-1

[Event "Novosibirsk-ch"]
[Site "Novosibirsk"]
[Date "2010.03.11"]
[Round "8"]
[White "Narchuk, Margarita"]
[Black "Perfiliev, Evgeny"]
[Result "0-1"]
[WhiteElo "1742"]
[BlackElo "1975"]
[PlyCount "58"]
[EventDate "2010.03.01"]
[EventType "swiss"]
[EventRounds "9"]
[EventCountry "RUS"]
[SourceTitle "CBM 135 Extra"]
[Source "ChessBase"]
[SourceDate "2010.05.04"]
[SourceVersion "1"]
[SourceVersionDate "2010.05.04"]
[SourceQuality "1"]

1. e4 c5 2. Nf3 d6 3. d4 cxd4 4. Nxd4 Nf6 5. Nc3 g6 6. Be3 Bg7 7. f3 Nc6 8. Bc4 0-0 9. Qd2 Nd7 10. 0-0-0 Nb6 11. Bb3 Ne5 12. Qe2 Bd7 13. Nd5 Nxd5 14. exd5 a5 15. h4 h5 16. g4 hxg4 17. f4 a4 18. Bc4 Nxc4 19. Qxc4 Qb6 20. c3 Rfc8 21. Qd3 a3 22. Nb3 axb2+ 23. Kxb2 Rxc3 24. Bxb6 Rxd3+ 25. Kb1 Bf5 26. Rxd3 Bxd3+ 27. Kc1 Rxa2 28. h5 Rb2 29. h6 Rxb3 0-1

[Event "Novosibirsk-ch"]
[Site "Novosibirsk"]
[Date "2010.03.02"]
[Round "2"]
[White "Narchuk, Margarita"]
[Black "Popov, Nikita"]
[Result "0-1"]
[WhiteElo "1742"]
[BlackElo "1993"]
[PlyCount "98"]
[EventDate "2010.03.01"]
[EventType "swiss"]
[EventRounds "9"]
[EventCountry "RUS"]
[SourceTitle "CBM 135 Extra"]
[Source "ChessBase"]
[SourceDate "2010.05.04"]
[SourceVersion "1"]
[SourceVersionDate "2010.05.04"]
[SourceQuality "1"]

1. e4 c5 2. Nf3 d6 3. d4 cxd4 4. Nxd4 Nf6 5. Nc3 g6 6. Be3 Bg7 7. f3 0-0 8. Qd2 Nc6 9. Bc4 Bd7 10. 0-0-0 Rc8 11. Bb3 Ne5 12. h4 h5 13. Bh6 Nc4 14. Bxc4 Rxc4 15. Bxg7 Kxg7 16. g4 Qa5 17. Nb3 Qa6 18. gxh5 Nxh5 19. e5 Bf5 20. exd6 exd6 21. Qxd6 Rxc3 22. bxc3 Qxa2 23. Nd4 Qa5 24. Nxf5+ Qxf5 25. Qd4+ Kh6 26. Qxa7 Ng3 27. Rhe1 Qxf3 28. Qe3+ Qxe3+ 29. Rxe3 Nf5 30. Re5 Rc8 31. Kb2 Nxh4 32. Re7 Kg7 33. Rxb7 g5 34. Re1 Kg6 35. Rb6+ f6 36. Rf1 Rf8 37. c4 g4 38. c5 Nf3 39. c6 Rc8 40. Kc1 Rc7 41. Kd1 f5 42. Rxf3 gxf3 43. Ke1 Kg5 44. Kf2 Kf4 45. Rb4+ Ke5 46. Kxf3 Rxc6 47. Rb5+ Kf6 48. Rb2 Kg5 49. Kg3 Rc3+ 0-1

[Event "Novosibirsk-ch"]
[Site "Novosibirsk"]
[Date "2010.03.01"]
[Round "1"]
[White "Dzhumagaliev, Murat"]
[Black "Narchuk, Margarita"]
[Result "1-0"]
[WhiteElo "2101"]
[BlackElo "1742"]
[PlyCount "59"]
[EventDate "2010.03.01"]
[EventType "swiss"]
[EventRounds "9"]
[EventCountry "RUS"]
[SourceTitle "CBM 135 Extra"]
[Source "ChessBase"]
[SourceDate "2010.05.04"]
[SourceVersion "1"]
[SourceVersionDate "2010.05.04"]
[SourceQuality "1"]

1. g4 d5 2. Bg2 e5 3. d3 Be7 4. h3 c5 5. Nc3 Be6 6. Nf3 Nc6 7. e4 d4 8. Ne2 Qc7 9. Ng3 Nf6 10. Nf5 Bxf5 11. exf5 0-0-0 12. Ng5 Bd6 13. Ne4 Nxe4 14. Bxe4 g6 15. f6 Bf8 16. a3 Nb8 17. Qf3 Nd7 18. g5 Qb6 19. Bd5 h6 20. Bxf7 hxg5 21. Bxg5 Qxb2 22. 0-0 Qb6 23. Rab1 Qa6 24. Bc4 Qc6 25. Bd5 Qc7 26. Rxb7 Qa5 27. Rfb1 Bh6 28. Be6 Qa6 29. Qd5 Qa5 30. Qc6+ 1-0

[Event "Novosibirsk Polyak Memorial op"]
[Site "Novosibirsk"]
[Date "2010.01.11"]
[Round "1"]
[White "Glukhov, Mikhail"]
[Black "Narchuk, Margarita"]
[Result "1-0"]
[WhiteElo "2207"]
[BlackElo "1733"]
[PlyCount "31"]
[EventDate "2010.01.11"]
[EventType "swiss"]
[EventRounds "9"]
[EventCountry "RUS"]
[SourceTitle "EXT 2011"]
[Source "ChessBase"]
[SourceDate "2010.11.26"]
[SourceVersion "1"]
[SourceVersionDate "2010.11.26"]
[SourceQuality "1"]

1. e4 c5 2. Nf3 Nc6 3. Bb5 g6 4. 0-0 Bg7 5. Re1 e6 6. Bxc6 bxc6 7. d3 Ne7 8. Nbd2 0-0 9. e5 Nf5 10. Ne4 Qb6 11. g4 Nd4 12. Nxd4 cxd4 13. Nf6+ Kh8 14. Qf3 Qd8 15. Bg5 h6 16. Qh3 1-0

[Event "Novosibirsk November op"]
[Site "Novosibirsk"]
[Date "2009.11.26"]
[Round "7"]
[White "Geraschenko, Vladimir"]
[Black "Narchuk, Margarita"]
[Result "0-1"]
[WhiteElo "1853"]
[BlackElo "1715"]
[PlyCount "65"]
[EventDate "2009.11.16"]
[EventType "swiss"]
[EventRounds "9"]
[EventCountry "RUS"]
[SourceTitle "EXT 2011"]
[Source "ChessBase"]
[SourceDate "2010.11.26"]
[SourceVersion "1"]
[SourceVersionDate "2010.11.26"]
[SourceQuality "1"]

1. e4 c5 2. Nf3 Nc6 3. d4 cxd4 4. Nxd4 Nf6 5. Nc3 e5 6. Ndb5 d6 7. Bg5 a6 8. Bxf6 gxf6 9. Na3 b5 10. Nd5 Be6 11. Nxb5 axb5 12. Bxb5 Bd7 13. c3 Bg7 14. a4 0-0 15. 0-0 Ra7 16. f4 Ne7 17. Bxd7 Nxd5 18. Qxd5 Qb6+ 19. Rf2 Rxd7 20. g3 exf4 21. gxf4 Kh8 22. Kg2 Rg8 23. Qf5 Rc7 24. Re2 Rc5 25. Qh3 Qa6 26. Rf2 Rc4 27. Qd3 Qc6 28. Qd5 Qxd5 29. exd5 Bh6+ 30. Kh3 Bxf4 31. Rg2 Bg5 32. Rg4 Rxg4 33. Kxg4 0-1

[Event "Berdsk Maestro op 15th"]
[Site "Berdsk"]
[Date "2009.07.16"]
[Round "9"]
[White "Narchuk, Margarita"]
[Black "Gorbachev, Anton"]
[Result "0-1"]
[WhiteElo "1746"]
[BlackElo "2004"]
[PlyCount "62"]
[EventDate "2009.07.08"]
[EventType "swiss"]
[EventRounds "9"]
[EventCountry "RUS"]
[SourceTitle "EXT 2022"]
[Source "ChessBase"]
[SourceDate "2021.10.06"]
[SourceVersion "1"]
[SourceVersionDate "2021.10.06"]
[SourceQuality "1"]

1. e4 e5 2. Nf3 d6 3. d4 Nf6 4. Nc3 Nbd7 5. g3 Be7 6. Bg2 c6 7. a4 a5 8. 0-0 0-0 9. h3 Qc7 10. Be3 h6 11. Nh4 Nb6 12. b3 Nh7 13. Nf5 Bxf5 14. exf5 Nd7 15. f4 exd4 16. Bxd4 d5 17. Qf3 Bc5 18. Bxc5 Nxc5 19. g4 Rfe8 20. Rae1 Qd7 21. Re5 f6 22. Re2 Rxe2 23. Nxe2 Re8 24. Ng3 Qe7 25. h4 Qe3+ 26. Qxe3 Rxe3 27. Rf3 Re1+ 28. Rf1 Re3 29. Kf2 Rc3 30. Rc1 Nd3+ 31. cxd3 Rxc1 0-1

[Event "Berdsk Maestro op 15th"]
[Site "Berdsk"]
[Date "2009.07.14"]
[Round "7"]
[White "Ambartsumyan, Karen"]
[Black "Narchuk, Margarita"]
[Result "1-0"]
[WhiteElo "2103"]
[BlackElo "1746"]
[PlyCount "93"]
[EventDate "2009.07.08"]
[EventType "swiss"]
[EventRounds "9"]
[EventCountry "RUS"]
[SourceTitle "EXT 2022"]
[Source "ChessBase"]
[SourceDate "2021.10.06"]
[SourceVersion "1"]
[SourceVersionDate "2021.10.06"]
[SourceQuality "1"]

1. e4 c5 2. Nf3 e6 3. Nc3 d6 4. g3 Nc6 5. Bg2 g6 6. 0-0 Bg7 7. d3 Nge7 8. Nh4 0-0 9. f4 f5 10. Re1 d5 11. e5 a6 12. a4 Rb8 13. b3 b5 14. Nf3 d4 15. Nb1 Nd5 16. Qe2 Bd7 17. Bd2 b4 18. h4 h5 19. Ng5 Nce7 20. Bf3 Qe8 21. Nh3 Bh6 22. Bc1 Bc6 23. Nf2 Nb6 24. Nd2 Bxf3 25. Nxf3 Ned5 26. Bd2 a5 27. Kg2 Kg7 28. Rh1 Rh8 29. Nd1 Qe7 30. Nb2 Rb7 31. Raf1 Qd7 32. Kh2 Qc6 33. Qg2 Kh7 34. Re1 Qd7 35. Bc1 Nc3 36. Nd2 Na2 37. Ndc4 Nxc1 38. Nxb6 Rxb6 39. Rxc1 Rc6 40. Nc4 Qc7 41. Nxa5 Ra6 42. Nc4 Rd8 43. Rhe1 Bf8 44. Re2 Re8 45. Rce1 Rc6 46. Ra1 Ra6 47. Kg1 1-0

[Event "Berdsk Maestro op 15th"]
[Site "Berdsk"]
[Date "2009.07.12"]
[Round "5"]
[White "Korotkova, Ekaterina"]
[Black "Narchuk, Margarita"]
[Result "1-0"]
[WhiteElo "2038"]
[BlackElo "1746"]
[PlyCount "63"]
[EventDate "2009.07.08"]
[EventType "swiss"]
[EventRounds "9"]
[EventCountry "RUS"]
[SourceTitle "EXT 2022"]
[Source "ChessBase"]
[SourceDate "2021.10.06"]
[SourceVersion "1"]
[SourceVersionDate "2021.10.06"]
[SourceQuality "1"]

1. e4 c5 2. Nc3 Nc6 3. g3 g6 4. Bg2 Bg7 5. d3 e6 6. Be3 d6 7. Qd2 Nge7 8. Bh6 0-0 9. h4 f6 10. h5 Qe8 11. Bxg7 Kxg7 12. Nb5 Qd8 13. hxg6 hxg6 14. Qh6+ Kf7 15. 0-0-0 a6 16. Nc3 b5 17. f4 b4 18. Nce2 Bd7 19. Qh7+ Ke8 20. Nf3 Qc7 21. Qg7 Bc8 22. Rh8 Rxh8 23. Qxh8+ Kd7 24. Qxf6 Qb6 25. Nd2 a5 26. Bh3 Nd8 27. Nc4 Qc6 28. f5 gxf5 29. exf5 exf5 30. Nf4 Ra7 31. Re1 Ke8 32. Nxd6+ 1-0

[Event "Naukograd Koltsovo op"]
[Site "Novosibirsk"]
[Date "2009.07.05"]
[Round "8"]
[White "Ozonov, Erzhen"]
[Black "Narchuk, Margarita"]
[Result "0-1"]
[WhiteElo "1849"]
[BlackElo "1712"]
[PlyCount "94"]
[EventDate "2009.06.28"]
[EventType "swiss"]
[EventRounds "9"]
[EventCountry "RUS"]
[SourceTitle "EXT 2021"]
[Source "ChessBase"]
[SourceDate "2020.10.23"]
[SourceVersion "1"]
[SourceVersionDate "2020.10.23"]
[SourceQuality "1"]

1. e4 c5 2. Nf3 a6 3. d4 cxd4 4. Nxd4 e5 5. Nb3 Nf6 6. Nc3 Bb4 7. Qf3 d5 8. exd5 Nxd5 9. Bd2 Nxc3 10. Bxc3 Bxc3+ 11. Qxc3 Nc6 12. Bc4 0-0 13. 0-0 Qc7 14. Rad1 Rd8 15. Bd5 Bd7 16. Rfe1 Rac8 17. Bxc6 Bxc6 18. Rxd8+ Rxd8 19. Na5 f6 20. Nxc6 Qxc6 21. Qxc6 bxc6 22. g3 Rd2 23. Rc1 Kf7 24. Kf1 Ke6 25. Ke1 Rd7 26. Ke2 f5 27. Ke3 e4 28. Re1 g5 29. Re2 Rd1 30. f3 exf3 31. Kxf3+ Kf6 32. Ke3 Ke5 33. Rd2 Rxd2 34. Kxd2 f4 35. gxf4+ Kxf4 36. Ke2 Ke4 37. Kf2 Kf4 38. a4 c5 39. a5 Ke4 40. Ke2 Kf4 41. Kf2 Ke4 42. Ke2 h5 43. c3 c4 44. Kf2 Kd3 45. Kf3 Kc2 46. Ke4 Kxb2 47. Kd4 Kb3 0-1